000 00305nam a2200121Ia 4500
008 220216s9999 xx 000 0 und d
245 0 _aRubberwood - A growing industry
260 _bRubber Developments
_c1995
650 _aMalaysia
650 _aRubberwood
650 _aRubberwood industry
942 _cJS
999 _c68334
_d68334